00735nam a22001937a 4500003000900000008004100009040007100050082002000121100002700141245005200168260002800220300004600248505012300294650002500417650001900442650002400461700003000485700002600515AR-CdUCM190524b ||||| |||| 00| 0 spa d aMUNICIPALIDAD PROVINCIAL DEL CUSCOcBIBLIOTECA MUNICIPAL DEL CUSCO a610.40/C97bC97 aCusi Arriaga, Mercedes aSemiótica Quechua para Ciencias de la Salud / aCusco ;bGERSON,c2018. a101 Páginas. :bilustraciones ;c23 cm. aContenidos: Origen del Quechua -- Terminología especializada y terminos más utilizados en Ciencias de la Salud ... aCiencias de la Salud aIdioma Quechua aSemiótica Quechua aCarrillo Pino, Frank Fred aCusi Arriaga, Rolando